01621nam a22002297a 450000500170000000800410001702000180005804000070007604100120008308200220009510000240011724500320014126000260017330000240019936500470022352010100027065000210128065000280130165000170132965000170134670000280136320260202150937.0221230b ||||| |||| 00| 0 eng d a9781529029581 cAL aEnglish 223a895.636bKAWB aToshikazu Kawaguchi aBefore The Coffee Gets Cold aLondonbPicadorc2019 a213pbPBc19.5x13cm b₹413.00c₹d₹550.00e20%f19-12-2022 aIn a small back alley in Tokyo, there is a café which has been serving carefully brewed coffee for more than one hundred years. But this coffee shop offers its customers a unique experience: the chance to travel back in time. In Before the Coffee Gets Cold, we meet four visitors, each of whom is hoping to make use of the café’s time-travelling offer, in order to: confront the man who left them, receive a letter from their husband whose memory has been taken by early onset Alzheimer's, to see their sister one last time, and to meet the daughter they never got the chance to know. But the journey into the past does not come without risks: customers must sit in a particular seat, they cannot leave the café, and finally, they must return to the present before the coffee gets cold . . . Toshikazu Kawaguchi’s beautiful, moving story explores the age-old question: what would you change if you could travel back in time? More importantly, who would you want to meet, maybe for one last time? aJapanese fiction aInterpersonal relations aJapan--Tokyo aCoffeehouses aTrousselot, Geoffrey Tr